| 000 | 01441cam a22003254a 4500 | ||
|---|---|---|---|
| 001 | 12453633 | ||
| 003 | NUST-PNEC | ||
| 005 | 20170116180705.0 | ||
| 008 | 010627s2003 nyua b 001 0 eng | ||
| 010 |
_a 2001044024 _z 2003267336 |
||
| 020 | _a0071367071 | ||
| 040 |
_aDLC _cPNEC |
||
| 042 | _apcc | ||
| 050 | 0 | 0 |
_aTJ230 _b.L718 2003 |
| 082 | 0 | 0 |
_a621.815 LIN _221 |
| 100 | 1 | _aLingaiah, K. | |
| 245 | 1 | 0 |
_aHandbook of Machine design databook / _cK. Lingaiah. |
| 250 | _a2nd ed. | ||
| 260 |
_aNew York : _bMcGraw-Hill, _c2003. |
||
| 300 |
_a1 v. (various paging) : _bill. ; _c25 cm. |
||
| 500 | _aIncludes Index http://www.amazon.com/Machine-Design-Databook-K-Lingaiah/dp/0071367071/ref=sr_1_1?s=books&ie=UTF8&qid=undefined&sr=1-1&keywords=0071367071 | ||
| 504 | _aIncludes bibliographical references and index. | ||
| 650 | 0 |
_aMachine design _vHandbooks, manuals, etc. _xME |
|
| 856 | 4 | 2 |
_3Contributor biographical information _uhttp://www.loc.gov/catdir/bios/mh041/2001044024.html |
| 856 | 4 | 1 |
_3Table of contents _uhttp://www.loc.gov/catdir/toc/mh031/2001044024.html |
| 856 | 4 | 2 |
_3Publisher description _uhttp://www.loc.gov/catdir/description/mh021/2001044024.html |
| 906 |
_a7 _bcbc _corignew _d1 _eocip _f20 _gy-gencatlg |
||
| 942 |
_2ddc _cBK |
||
| 999 |
_c60693 _d60693 |
||